LEADER 01595nam 2200445I 450 001 9910711566803321 005 20181102092017.0 035 $a(CKB)5470000002484382 035 $a(OCoLC)1060608473 035 $a(EXLCZ)995470000002484382 100 $a20181102j201808 ua 0 101 0 $aeng 135 $aur||||||||||| 181 $ctxt$2rdacontent 182 $cc$2rdamedia 183 $acr$2rdacarrier 200 10$aIntermittency and cessation of vortex shedding in the wake of a thin flat plate with a circular trailing edge /$fMan Mohan Rai 210 1$aMoffett Field, California :$cNational Aeronautics and Space Administration, Ames Research Center,$dAugust 2018. 215 $a1 online resource (20 pages) $cillustrations (some color) 225 1 $aNASA/TM ;$v2018-219976 300 $a"August 2018." 320 $aIncludes bibliographical references (pages 19-20). 606 $aVortex shedding$2nasat 606 $aTrailing edges$2nasat 606 $aTurbulent wakes$2nasat 606 $aDirect numerical simulations$2nasat 606 $aPeriodic variations$2nasat 615 7$aVortex shedding. 615 7$aTrailing edges. 615 7$aTurbulent wakes. 615 7$aDirect numerical simulations. 615 7$aPeriodic variations. 700 $aRai$b Man Mohan$01389366 712 02$aAmes Research Center, 801 0$bGPO 801 1$bGPO 906 $aBOOK 912 $a9910711566803321 996 $aIntermittency and cessation of vortex shedding in the wake of a thin flat plate with a circular trailing edge$93539218 997 $aUNINA